| 000 -LEADER |
| fixed length control field |
00821nam a22002057a 4500 |
| 020 ## - INTERNATIONAL STANDARD BOOK NUMBER |
| ISBN |
9781032351445 |
| 082 ## - DEWEY DECIMAL CLASSIFICATION NUMBER |
| Classification number |
616.891 |
| Item number |
Ad244 2024 |
| 245 ## - TITLE STATEMENT |
| Title |
Advancing psychotherapy for the next generation : humanizing mental health policy and practice / edited by Linda L. Micheals, Tom Wooldridge, Nancy Burke, and Janice R. Muhr. |
| 260 ## - PUBLICATION, DISTRIBUTION, ETC. (IMPRINT) |
| Place of publication |
New York : |
| Name of publisher |
Routledge, Taylor & Francis Group, |
| Year of publication |
2024. |
| 300 ## - PHYSICAL DESCRIPTION |
| Number of Pages |
1 online resource, xix, 307 pages. |
| 500 ## - GENERAL NOTE |
| General note |
Includes bibliographical references and index. |
| 650 ## - SUBJECT ADDED ENTRY--TOPICAL TERM |
| Topical Term |
Psychotheraphy - Philosophy. |
| 650 ## - SUBJECT ADDED ENTRY--TOPICAL TERM |
| Topical Term |
Mental health policy. |
| 650 ## - SUBJECT ADDED ENTRY--TOPICAL TERM |
| Topical Term |
Mental health services - Humanization. |
| 700 ## - ADDED ENTRY--PERSONAL NAME |
| Personal name |
Linda L. Micheals, editor. |
| 700 ## - ADDED ENTRY--PERSONAL NAME |
| Personal name |
Tom Wooldridge, editor. |
| 700 ## - ADDED ENTRY--PERSONAL NAME |
| Personal name |
Nancy Burke, editor. |
| 700 ## - ADDED ENTRY--PERSONAL NAME |
| Personal name |
Janice R. Muhr, editor. |
| 942 ## - ADDED ENTRY ELEMENTS (KOHA) |
| Koha item type |
Electronic Books |